Mitski - Remember My Name lyrics - Statistics

General Stats
  • This quiz has been taken 78 times
  • The average score is 116 of 140
Answer Stats
Lyrics: % Correct
I
100%
my
98%
some
96%
to
96%
To
96%
need
93%
remember
93%
it
91%
name
91%
the
91%
And
89%
and
89%
Can
89%
can
89%
in
89%
me
89%
bigger
87%
Hold
87%
sky
87%
than
87%
That
87%
that
87%
arms
85%
around
85%
do
85%
something
85%
hang
83%
Heaven?
83%
Heaven
83%
it's
83%
mine
83%
stars
83%
After
80%
all
80%
how
80%
know
80%
many
80%
somebody
80%
you
80%
for
78%
is
78%
done
76%
Finally
76%
finally
76%
Just
76%
them
74%
call
70%
love?
70%
will
70%
be
65%
somewhere
65%
Somewhere
65%
get
63%
too
63%
like
61%
make
61%
show
61%
tonight
61%
come
59%
extra
59%
gave
59%
much
59%
of
59%
heart
57%
'Cause
54%
'til
54%
where
54%
I'm
52%
save
50%
staying
50%
tomorrow's
48%
No matching quizzes found
Score Distribution
Percent of People with Each Score
Percentile by Number Answered
Your Score History
You have not taken this quiz